=LDR 00000nam 2200000 4500 =001 INLIS000000000003667 =005 20130612091953 =008 ***********************************Ind** =035 ##$$0010-061300000003667 =041 ##$$a Ind =082 ##$$a 514.01 =090 ##$$a 514.01, Kar p =100 ##$$a Kartono =245 ##$$a Pengantar topologi, kartono, F.W. Nurwiyati =260 ##$$a 1995 $b Yogyakarta =300 ##$$a 95 hlm., ilus., 21 cm =650 ##$$a Topologi =650 ##$$a Filsafat dan teori =700 ##$$a Nurwiyati, F.W =850 ##$$a NBPNMAT